| 000 | 00605cam a2200205 a 4500 | ||
|---|---|---|---|
| 020 | _a2831703190 | ||
| 040 | _cDLC | ||
| 082 | 0 | 0 | _a333 IUC 1996 C156 Or. |
| 100 | 1 | _aClaridge, Gordon. | |
| 245 | 1 | 3 | _aAn inventory of wetlands of the Lao P.D.R. / |
| 260 |
_aBangkok, Thailand : _bIUCN/UNEP, _cc1996. |
||
| 300 |
_axxiv, 287 p. : _bill., maps ; _c25 cm. |
||
| 500 | _a"IUCN Wetlands Programme"--Cover. | ||
| 650 | 0 | _aWetland ecology | |
| 650 | 0 | _aWetland conservation | |
| 650 | 0 | _aWetlands | |
| 710 | 2 | _aUnited Nations Environment Programme. | |
| 710 | 2 | _aIUCN Wetlands Programme. | |
| 942 | _cAEDBB | ||
| 999 |
_c18952 _d18952 |
||